000 00362 a2200157 4500
001 174531
020 _a
040 _cMagnum
100 _aAzevedo, Ricardo
240 1 0 _aEla nada no nada eu invento no vento
_lpor
245 1 0 _aEla nada no nada eu invento no vento
362 0 _a1899
440 1 _aMelhoramentos
697 _aI/PARADIDATICO
942 _cBK
999 _c174531
_d174531